Widok standardowy
Widok MARC
- Złotów (woj. wielkopolskie ; okręg).
Pozycja Nazwa geograficzna
Liczba rekordów, w których użyto hasła: 3
001 - NUMER KONTROLNY
- pole kontrolne: 6954
003 - IDENTYFIKATOR NUMERU KONTROLNEGO
- pole kontrolne: KOSZ 005
005 - DATA I GODZINA OSTATNIEJ MODYFIKACJI
- pole kontrolne: 20180326121552.0
008 - ELEMENTY DANYCH STAŁEJ DŁUGOŚCI
- pole kontrolne stałej długości: 180326|| aca||aabn | a|a d
040 ## - ŹRÓDŁO OPISU
- Instytucja, która jako pierwsza sporządziła opis: KOSZ 005
- Instytucja, która utworzyła rekord: KOSZ 005
151 ## - DESKRYPTOR GEOGRAFICZNY
- Deskryptor geograficzny: Złotów (woj. wielkopolskie ; okręg).
670 ## - ŹRÓDŁO, W KTÓRYM ZNALEZIONO DANE
- Źródło, w którym znaleziono dane: Work cat.: (KOSZ 005)0: 6415 SUDAKIEWICZ, Lidia B. Politechnika Koszalińska - Instytut Neofilologii i Komunikacji Społecznej Zakład Komunikacji i Nauk Społecznych 2009 -, Słownik nazwisk mieszkańców Ziemi Złotowskiej. (Cz. 1, A-K) /, 2011.
